John Berryman's The Moon and the Night and the Men Quiz Stats

 Plays Quiz not verified by Sporcle

Score 0/298 Timer 20:00
0 Plays Today
Answer % Correct
the
100%
night
100%
the
100%
the
100%
moon
100%
moon,
100%
moon
100%
the
100%
the
100%
The
100%
night,
100%
the
100%
the
100%
the
100%
night.
100%
the
100%
night,
100%
the
100%
the
100%
The
100%
the
100%
the
100%
The
100%
the
100%
The
100%
the
100%
night
100%
the
100%
The
100%
moon
100%
the
100%
night
100%
the
100%
the
100%
the
100%
moon
100%
the
100%
a
66.7%
and
66.7%
a
66.7%
a
66.7%
and
66.7%
A
66.7%
an
66.7%
A
66.7%
man
66.7%
and
66.7%
an
66.7%
an
66.7%
and
66.7%
and
66.7%
and
66.7%
and
66.7%
and
66.7%
a
66.7%
and
66.7%
man
66.7%
And
66.7%
a
66.7%
a
66.7%
and
66.7%
men
66.7%
and
66.7%
and
66.7%
man
66.7%
On
33.3%
of
33.3%
Belgian
33.3%
surrender
33.3%
rose
33.3%
Late,
33.3%
For
33.3%
English
33.3%
or
33.3%
American
33.3%
beholder;
33.3%
French
33.3%
beholder.
33.3%
It
33.3%
was
33.3%
cold
33.3%
on
33.3%
cold
33.3%
No
33.3%
no
33.3%
of
33.3%
Or
33.3%
of
33.3%
cold
33.3%
On
33.3%
Outer
33.3%
there
33.3%
was
33.3%
accident:
33.3%
stupid
33.3%
well-
33.3%
intentioned
33.3%
turned
33.3%
sharp
33.3%
Right
33.3%
Answer % Correct
abruptly
33.3%
he
33.3%
became
33.3%
angel
33.3%
Fingering
33.3%
unfamiliar
33.3%
harp,
33.3%
Or
33.3%
screamed
33.3%
in
33.3%
hell,
33.3%
or
33.3%
was
33.3%
nothing
33.3%
at
33.3%
all.
33.3%
Do
33.3%
not
33.3%
imagine
33.3%
this
33.3%
is
33.3%
unimportant.
33.3%
He
33.3%
was
33.3%
part
33.3%
of
33.3%
part
33.3%
of
33.3%
land,
33.3%
Part
33.3%
of
33.3%
Out
33.3%
of
33.3%
which
33.3%
Michael
33.3%
I
33.3%
Stared
33.3%
at
33.3%
each
33.3%
other
33.3%
over
33.3%
chess,
33.3%
As
33.3%
as
33.3%
played.
33.3%
in
33.3%
European
33.3%
Neither
33.3%
of
33.3%
us
33.3%
I
33.3%
think
33.3%
Although
33.3%
game
33.3%
was
33.3%
fair.
33.3%
move
33.3%
one
33.3%
made
33.3%
It
33.3%
was
33.3%
at
33.3%
to
33.3%
keep
33.3%
one's
33.3%
mind
33.3%
on.
33.3%
unhappy'
33.3%
said
33.3%
in
33.3%
London.
33.3%
We
33.3%
said
33.3%
to
33.3%
each
33.3%
other.
33.3%
time
33.3%
is
33.3%
coming
33.3%
near
33.3%
When
33.3%
none
33.3%
shall
33.3%
have
33.3%
books
33.3%
or
33.3%
music,
33.3%
none
33.3%
his
33.3%
dear,
33.3%
only
33.3%
fool
33.3%
will
33.3%
speak
33.3%
aloud
33.3%
his
33.3%
mind.
33.3%
History
33.3%
is
33.3%
approaching
33.3%
Answer % Correct
speechless
33.3%
end,
33.3%
As
33.3%
Henry
33.3%
Adams
33.3%
said.
33.3%
Adams
33.3%
was
33.3%
right.
33.3%
All
33.3%
this
33.3%
occurred
33.3%
on
33.3%
when
33.3%
Leopold
33.3%
Fulfilled
33.3%
treachery
33.3%
four
33.3%
years
33.3%
before
33.3%
Begun--
33.3%
or
33.3%
was
33.3%
he
33.3%
well-
33.3%
intentioned,
33.3%
more
33.3%
Roadmaker
33.3%
to
33.3%
hell
33.3%
than
33.3%
king?
33.3%
At
33.3%
any
33.3%
rate,
33.3%
came
33.3%
up
33.3%
late
33.3%
was
33.3%
cold,
33.3%
Many
33.3%
died--
33.3%
although
33.3%
we
33.3%
know
33.3%
fate
33.3%
Of
33.3%
none,
33.3%
of
33.3%
on,
33.3%
in
33.3%
breast
33.3%
of
33.3%
is
33.3%
cold.
33.3%
delayed
0%
violent
0%
People
0%
put
0%
their
0%
wraps,
0%
troops
0%
were
0%
doubt,
0%
despite
0%
calendar,
0%
doubt
0%
Numbers
0%
refugees
0%
coughed,
0%
sight
0%
sound
0%
some
0%
killed
0%
others.
0%
Drive
0%
bitter
0%
exhausted
0%
ground
0%
memory
0%
grows.
0%
spoke
0%
little
0%
possible,
0%
drank
0%
chessmen
0%
caught
0%
eye,
0%
had
0%
free
0%
look
0%
difficult
0%
last
0%
'Hurt
0%
nor
0%
anyone,
0%
war
0%
Goes
0%

You're not logged in!

Compare scores with friends on all Sporcle quizzes.
OR
Log In

Show Comments

Extras

Created Aug 14, 2019ReportNominate
Tags:Poem Quiz, john, men, Moon, night, poetry

Top Quizzes Today


Score Distribution

Your Account Isn't Verified!

In order to create a playlist on Sporcle, you need to verify the email address you used during registration. Go to your Sporcle Settings to finish the process.

Report this User

Report this user for behavior that violates our Community Guidelines.

Details: